Girl's names in Beatles lyrics - Statistics

General Stats
  • This quiz has been taken 221 times
  • The average score is 12 of 15
Answer Stats
Clue Name % Correct
_______ Rigby picks up the rice in the church where the wedding has been Eleanor
100%
____ in the Sky with Diamonds Lucy
98%
In _____ Lane there is a barber showing photographs Penny
96%
________ my belle sont des mots qui vont très bien ensemble Michelle
92%
Lady _______ , children at your feet, wonder how you manage to make ends meet Madonna
91%
Lovely ____ meter maid nothing can come between us Rita
90%
Dear ________ won't you come out to play? Prudence
84%
Sexy _____ what have you done? You made a fool of everyone Sadie
83%
Have you seen Polythene ___? Pam
80%
With a couple of kids running in the yard of Desmond and ____ Jones (Ah ha ha ha ha ha) Molly
79%
______ my dear, though I spend my life in conversation, please remember me Martha
75%
Grandchilden on your knee; ____ Chuck and Dave Vera
65%
____ was quizzical, studied methaphysically science in the home Joan
57%
_____, seashell eyes, windy smile, calls me Julia
53%
Her name was Magill, and she called herself Lil, but everyone knew her as _____ Nancy
53%
No matching quizzes found
Score Distribution
Percent of People with Each Score
Percentile by Number Answered
Your Score History
You have not taken this quiz